| 000 | 01093nam a2200265Ia 4500 | ||
|---|---|---|---|
| 003 | OSt | ||
| 005 | 20220930094710.0 | ||
| 006 | a|||||r|||| 00| 0 | ||
| 007 | ta | ||
| 008 | 220926b |||||||| |||| 00| 0 hin d | ||
| 024 | _a115 | ||
| 037 | _cTheses | ||
| 040 |
_aCRL _cCRL _bhin |
||
| 041 |
_2hin _ahin |
||
| 100 | _aसंजीता | ||
| 110 | _aदिल्ली विश्वविद्यालय. संकाय कला. हिन्दी विभाग | ||
| 245 | 0 | _aशंकर शेष के नाटकों में व्यक्ति और व्यवस्थ का द्वंद्व | |
| 246 | _aShankar sheṣh ke nāṭakoan mean vyakti aur vyavastha kā dvandva | ||
| 260 | _c2011 | ||
| 650 | _aहिन्दी साहित्य | ||
| 700 | _a सुधा सिंह, गा. | ||
| 700 | _aदिल्ली विश्वविद्यालय. संकाय कला. हिन्दी विभाग | ||
| 942 |
_cDIS _2CC |
||
| 999 |
_c887527 _d887527 |
||